| 000 | 01592nam0a2200325 4500 | ||
|---|---|---|---|
| 001 | RU\NLR\bibl\1472558 | ||
| 005 | 20260407215107.0 | ||
| 021 |
_aRU _b2009-103276 _96572 |
||
| 035 | _a(nilc)RSL-KNO-004500817 | ||
| 035 | _a(NLR Aleph) 001464243 | ||
| 090 |
_a1602824 _c1602824 |
||
| 100 | _a20091221d2009 |||y0rusy50 ca | ||
| 101 | 0 | _arus | |
| 102 | _aRU | ||
| 105 | _aa ||||||||| | ||
| 200 | 1 |
_aТеренсаю - 80 _e1929-2009 гг. _f[авт.-сост. К. С. Гайфуллин, К. Ф. Намазова] |
|
| 210 |
_aп. Новоорск, Оренбургская обл. _cРед.-издат. дом "Новоорская газета" _d2009 |
||
| 215 |
_a114 с., [8] л. цв. ил. _cил., портр. _d21 |
||
| 601 | 0 | 2 |
_a"Теренсайский", сельскохозяйственный производственный кооператив (колхоз) _cТеренсай, поселок; Оренбургская область _92613675 _3RU\NLR\auth\661550233 |
| 686 |
_aУ9(2)321.119.2(2Р-4Ор) _2rubbk |
||
| 686 | _aУ32(2)181.92(2Р-4Ор) | ||
| 686 | _aУ32(2)188(2Р-4Ор) | ||
| 702 | 1 |
_aГайфуллин _bК. С. _gКамилл С. _4220 |
|
| 712 | 0 | 2 |
_4570 _a"Теренсайский", сельскохозяйственный производственный кооператив (колхоз) _cпос. Теренсай, Оренбургская обл. _3RU\NLR\AUTH\8810144997 _9784367 |
| 801 | 0 |
_aRU _bРГБ _c20091221 _grcr |
|
| 801 | 1 |
_aRU _bРГБ _c20091221 |
|
| 801 | 2 |
_aRU _bNLR _c20100212 _grcr |
|
| 942 | _cBOOK | ||
| 980 | _aNB | ||